| 000 | 01993nam a2200505 i 4500 | ||
|---|---|---|---|
| 001 | 217741 | ||
| 003 | KOSZ 005 | ||
| 005 | 20210406124530.0 | ||
| 008 | 990506s1980 pl a |000 0 pol | ||
| 015 | _aUWD 1983/5034 | ||
| 035 | _a991009385969705066 | ||
| 035 | _a(PL-WaBN)b12542520-48omnis_nlop | ||
| 035 | _ab12542520 | ||
| 035 | _a(OCoLC)830221671 | ||
| 035 | _a(PL)b0000001254252 | ||
| 035 | _a(EXLNZ-48OMNIS_NETWORK)9910281895805606 | ||
| 040 |
_aWA N _cWA N _dKR U _dKOSZ 005/HR |
||
| 041 | 0 | _apol | |
| 080 | _a621 | ||
| 080 | _a(075.8+076) | ||
| 100 | 1 |
_aPrzybylski, Włodzimierz _d(1940- ) _eAutor |
|
| 245 | 1 | 0 |
_aĆwiczenia laboratoryjne z technologii maszyn : _bskrypt przeznaczony jest dla studentów wydziałów o kierunku Mechanika - do ćwiczeń laboratoryjnych z przedmiotów Technologia maszyn, projektowanie i automatyzacja procesów technologicznych, techniki wytwarzania / _cWłodzimierz Przybylski, Adam Barylski, Andrzej Radlak ; skrypt pod red. W. Przybylskiego; Politechnika Gdańska. |
| 250 | _a[Wyd. 2]. | ||
| 260 |
_aGdańsk : _bWydaw. PG, _c1980 [i.e.] 1983. |
||
| 300 |
_a132 s. : _brys. ; _c24 cm. |
||
| 336 |
_aTekst _btxt _2rdacontent |
||
| 337 |
_aBez urządzenia pośredniczącego _bn _2rdamedia |
||
| 338 |
_aWolumin _bnc _2rdacarrier |
||
| 380 | _aKsiążki | ||
| 380 | _aPublikacje dydaktyczne | ||
| 385 |
_mPoziom nauczania _aSzkoły wyższe |
||
| 388 | _a1901-2000 | ||
| 388 | _a1945-1989 | ||
| 504 | _aBibliogr. s. 131-132. | ||
| 650 | 7 |
_aMaszyny _2DBN |
|
| 650 | 7 | _aTechnologia | |
| 655 | 7 |
_aĆwiczenia i zadania dla szkół wyższych _2DBN |
|
| 658 | _aInżynieria i technika | ||
| 700 | 1 |
_aBarylski, Adam _eAutor |
|
| 700 | 1 |
_aRadlak, Andrzej _eAutor |
|
| 710 | 2 |
_aWydawnictwo Politechniki Gdańskiej _4pbl |
|
| 856 |
_uhttp://koha.tu.koszalin.pl/cgi-bin/koha/opac-detail.pl?biblionumber=21741 _yKatalog online BPK |
||
| 942 |
_2UKD _cKS |
||
| 999 |
_c21741 _d21741 |
||